00608nam a2200157 a 450000100100000000500170001000800410002704000250006808200150009311100870010824500590019524600610025426000590031530000340037450000420040800002920220200930055408.0110414s1972 dr ac 000 0 spa d aDO-SdBNPbspacBNPHU axxxbS471s1 aseminario sobre el desarrollo de Monseñor Nouel.n(1er. :d1973 dic. 9 :cBonao)10a1er seminario sobre el desarrollo de Monseñor Nouel.10aPrimer seminario sobre el desarrollo de Monseñor Nouel aBonao :bAsociación Pro- Desarrollo de Bonao,c1972. a74 p. :bil., retr. ;c24 cm. aIncluye notas al pie de las páginas